| 000 | 00534nam a22001817a 4500 | ||
|---|---|---|---|
| 003 | BUBTL | ||
| 008 | 171218b xxu||||| |||| 00| 0 eng d | ||
| 020 | _a8121905893 | ||
| 082 | _a651.7/ K1419b/ 2004 | ||
| 100 |
_aKapoor, A. N. _94861 |
||
| 245 |
_aA Guide To Business Correspondence and Communication Skills : _cA. N. Kapoor |
||
| 260 |
_aNew Delhi : _bS.Chand & Company, _cc2004. |
||
| 300 |
_avi,385 p. : _c21 cm. |
||
| 650 | 0 |
_956 _aEnglish |
|
| 856 |
_k0 _l0 _yDownload |
||
| 942 |
_2ddc _cBK |
||
| 999 |
_c5613 _d5613 |
||